Quiz Coupe du monde de rugby 2023. - Statistiques

Statistiques générales
  • Ce quiz a été pris 125 fois
    124 depuis la dernière actualisation
  • Le résultat moyen est 10 sur 15
Statistiques - réponses
Question Réponse % Correct
Quelle équipe l'a remportée ? Afrique du Sud
100%
Où s'est déroulée la coupe du monde cette année? France
100%
Contre qui? Nouvelle-Zélande
93%
Où la France s'est-elle arrêtée cette année? Quarts de finale
93%
Dans quel pays se déroulera la prochaine édition ? Australie
87%
Quelle équipe avait remporté la coupe lors de la dernière édition? Afrique du Sud
80%
Quelle équipe ne s'est pas qualifié pour la phase finale de la compétition pour la première fois de son histoire ? Australie
73%
Durant quel match y a-t-il eu le plus grand écart au score ? (96 points) France vs Namibie
73%
Combien de fois le vainqueur a-t-il remporté cette compétition? 4
67%
Quel joueurs a inscrit le plus d'essais durant cette Coupe du Monde ? (8 essais) Will Jordan (NZL)
60%
Quel record a été égalé au cours de cette édition ? Le nombre d'essais en une édition inscrit par un joueur
53%
Quelles équipes ont marqué le plus de point en un match ? (96 points) France et Nouvelle-Zélande
47%
Quelle équipe a participé à la compétition pour la première fois de son histoire ? Chili
40%
Quel joueur a inscrit le plus de points ? (75 points) Owen Farrell (ANG)
20%
Quel est le meilleur plaqueur de l'édition ? (92 plaquages) Marcos Kremer (ARG)
13%
Aucun quiz correspondant
Distribution des résultats
% des personnes avec chaque résultat
Percentile par nombre de réponses
Votre historique - résultats
Vous n’avez pas pris ce quiz depuis la dernière actualisation